Shumaker Bob. (Record no. 5198)
[ view plain ]
| 000 -LEADER | |
|---|---|
| fixed length control field | 00407nam a2200133Ia 4500 |
| 008 - FIXED-LENGTH DATA ELEMENTS--GENERAL INFORMATION | |
| fixed length control field | 151015s9999 xx 000 0 und d |
| 020 ## - INTERNATIONAL STANDARD BOOK NUMBER | |
| International Standard Book Number | 1420891529 |
| 050 ## - LIBRARY OF CONGRESS CALL NUMBER | |
| Classification number | PS652.1 .S39 2005 |
| 245 ## - TITLE STATEMENT | |
| Title | Shumaker Bob. |
| 250 ## - EDITION STATEMENT | |
| Edition statement | _The curse of the golden gato The Schmooney trilogies Bob Schumaker |
| 300 ## - PHYSICAL DESCRIPTION | |
| Extent | Indiana Authorhouse 2005 |
| 650 ## - SUBJECT ADDED ENTRY--TOPICAL TERM | |
| Topical term or geographic name as entry element | _Curse of golden Gato |
| 700 ## - ADDED ENTRY--PERSONAL NAME | |
| Personal name | ^d20140109 10:48:04^oanne |
No items available.